The professional engineer in society (Record no. 64782)
[ view plain ]
| 000 -LEADER | |
|---|---|
| fixed length control field | 00442nam a22001697a 4500 |
| 003 - CONTROL NUMBER IDENTIFIER | |
| control field | NUST - PNEC |
| 005 - DATE AND TIME OF LATEST TRANSACTION | |
| control field | 20170116180855.0 |
| 008 - FIXED-LENGTH DATA ELEMENTS--GENERAL INFORMATION | |
| fixed length control field | 150828b xxu||||| |||| 00| 0 eng d |
| 020 ## - INTERNATIONAL STANDARD BOOK NUMBER | |
| International Standard Book Number | 1853025011 |
| 040 ## - CATALOGING SOURCE | |
| Transcribing agency | LIBRARY |
| 082 ## - DEWEY DECIMAL CLASSIFICATION NUMBER | |
| Classification number | 620.0071141 COL |
| 100 ## - MAIN ENTRY--PERSONAL NAME | |
| 9 (RLIN) | 5953 |
| Personal name | Collins, Stephen |
| 245 ## - TITLE STATEMENT | |
| Title | The professional engineer in society |
| Statement of responsibility, etc. | Stephen,Collins |
| 260 ## - PUBLICATION, DISTRIBUTION, ETC. | |
| Date of publication, distribution, etc. | c 1989 |
| 650 ## - SUBJECT ADDED ENTRY--TOPICAL TERM | |
| 9 (RLIN) | 5955 |
| Topical term or geographic name entry element | Great Britain |
| General subdivision | EE/EL |
| 942 ## - ADDED ENTRY ELEMENTS (KOHA) | |
| Source of classification or shelving scheme | |
| Koha item type | Book |
| Withdrawn status | Lost status | Source of classification or shelving scheme | Damaged status | Not for loan | Permanent Location | Current Location | Shelving location | Date acquired | Total Checkouts | Full call number | Barcode | Date last seen | Price effective from | Koha item type |
|---|---|---|---|---|---|---|---|---|---|---|---|---|---|---|
| Pakistan Navy Engineering College (PNEC) | Pakistan Navy Engineering College (PNEC) | 620.0071141 COL | PNECLIB-019751 | 08/28/2015 | Book | |||||||||
| Pakistan Navy Engineering College (PNEC) | Pakistan Navy Engineering College (PNEC) | 620.0071141 COL | PNECLIB-019752 | 08/28/2015 | Book |
